00463 2200181 4500001002100000005001500021035002000036007000300056008004100059020002200100082001000122084002000132100002300152245003600175260003800211300001600249990001600265INLIS00000000000143220211216111920 a0010-1221000112ta211216 g 0 ind  a978-602-863-410-6 a925.4 a925.4 ALA m c.10 aKamaludin Alamsyah1 aMengenal tokoh-tokoh ilmu kimia aBandung :bPT. Arfino Raya,c2007 a50 ;c21 cm a2021/p/1478